[Event "Titled Tuesday intern op 25th Apr Late"]
[Site "Chess.com INT"]
[Date "2023.04.25"]
[Round "1"]
[White "Hansen, Eric"]
[Black "Zakarian, David"]
[Result "1-0"]
[WhiteElo "2609"]
[BlackElo "2306"]
[PlyCount "115"]
[EventDate "2023.04.25"]
[EventType "swiss (blitz)"]
[EventRounds "11"]
[EventCountry "USA"]
[SourceTitle "EXT 2024"]
[Source "ChessBase"]
[SourceDate "2023.10.10"]
[SourceVersion "1"]
[SourceVersionDate "2023.10.10"]
[SourceQuality "1"]

1. e4 Nc6 2. Nf3 d6 3. d4 Nf6 4. d5 Nb8 5. Bd3 g6 6. h3 Bg7 7. c4 0-0 8. Nc3 a5 9. 0-0 c6 10. Be3 Nbd7 11. c5 Nxc5 12. Bxc5 dxc5 13. dxc6 bxc6 14. Qe2 h6 15. Na4 Nd7 16. Rac1 Rb8 17. b3 Qc7 18. Rfd1 Qa7 19. Qe3 Rd8 20. Bc4 Ba6 21. Bxa6 Qxa6 22. Rxd7 Rxd7 23. Nxc5 Qa7 24. Nxd7 Qxd7 25. Qc5 a4 26. bxa4 Rb2 27. Qc4 Qa7 28. Rc2 Rxc2 29. Qxc2 c5 30. Qc4 Qa5 31. g3 e6 32. Kg2 g5 33. Qb5 Bc3 34. Qxa5 Bxa5 35. Ne5 f5 36. exf5 exf5 37. Nc6 Bc7 38. a5 c4 39. a6 Bb6 40. Kf3 c3 41. Ke2 Bxf2 42. a7 Bxa7 43. Nxa7 f4 44. gxf4 c2 45. Kd2 gxf4 46. Nc6 f3 47. Ne7+ Kf7 48. Nd5 f2 49. Ne3 Ke6 50. Kxc2 Ke5 51. Kd3 Kf4 52. Ke2 Kg3 53. a4 Kxh3 54. a5 Kg3 55. a6 h5 56. a7 h4 57. a8Q h3 58. Qe4 1-0

[Event "Titled Tuesday intern op 25th Apr Late"]
[Site "Chess.com INT"]
[Date "2023.04.25"]
[Round "5"]
[White "Zakarian, David"]
[Black "Kraus, Tomas"]
[Result "0-1"]
[WhiteElo "2306"]
[BlackElo "2474"]
[PlyCount "194"]
[EventDate "2023.04.25"]
[EventType "swiss (blitz)"]
[EventRounds "11"]
[EventCountry "USA"]
[SourceTitle "EXT 2024"]
[Source "ChessBase"]
[SourceDate "2023.10.10"]
[SourceVersion "1"]
[SourceVersionDate "2023.10.10"]
[SourceQuality "1"]

1. e4 c5 2. Nf3 d6 3. Bb5+ Nd7 4. 0-0 Ngf6 5. Re1 a6 6. Bf1 b5 7. a4 b4 8. c3 Bb7 9. d3 g6 10. Nbd2 Bg7 11. Nc4 0-0 12. Bd2 a5 13. Qc1 Re8 14. Bh6 Bh8 15. h3 Qc7 16. Ne3 e5 17. cxb4 axb4 18. b3 Nb8 19. Nc4 Nc6 20. Qg5 Qe7 21. Qh4 Nd4 22. Nxd4 cxd4 23. f4 Ba6 24. Nb6 Rab8 25. a5 Nd7 26. Qxe7 Rxe7 27. Nd5 Ree8 28. Rec1 Nc5 29. Rxc5 dxc5 30. Nc7 Re6 31. Nxe6 fxe6 32. Bg5 exf4 33. Bxf4 e5 34. Bg5 Kf7 35. Kf2 Rf8 36. Ke2 Ke6 37. Bh4 Bf6 38. Bg3 Bg5 39. Ra2 Be3 40. Rc2 Kd6 41. Bh4 g5 42. Be1 h5 43. g3 Bc8 44. Bg2 Ba6 45. Bf3 Rh8 46. Bd2 Bxd2 47. Kxd2 g4 48. hxg4 hxg4 49. Bxg4 Rg8 50. Be2 Rxg3 51. Rc1 Rg2 52. Rf1 Kc6 53. Rf6+ Kb5 54. Re6 Rg5 55. Rb6+ Kxa5 56. Rb8 Bb5 57. Rb7 Ba6 58. Rb8 Rg7 59. Re8 Rg5 60. Re6 Kb5 61. Bf1 Bb7 62. Rd6 Bc6 63. Bh3 Rh5 64. Bc8 Rh2+ 65. Kc1 Rh1+ 66. Kd2 Rb1 67. Kc2 Ra1 68. Re6 Ra2+ 69. Kb1 Ra3 70. Rxe5 Rxb3+ 71. Kc2 Rc3+ 72. Kd2 b3 73. Be6 b2 74. Ba2 Rc1 75. Re7 b1Q 76. Bxb1 Rxb1 77. Kc2 Re1 78. Re5 Re2+ 79. Kd1 Re3 80. Kd2 Kb4 81. Re6 Bb5 82. e5 Rxd3+ 83. Kc2 Re3 84. Re7 Ba4+ 85. Kd2 Kc4 86. Ra7 Bb5 87. Re7 Kd5 88. Rb7 Bc4 89. Rc7 Rxe5 90. Kd1 Re3 91. Kd2 Re2+ 92. Kd1 Rh2 93. Kc1 Bd3 94. Re7 c4 95. Kd1 c3 96. Rd7+ Kc6 97. Rd8 Rh1# 0-1

[Event "Titled Tuesday intern op 25th Apr Late"]
[Site "Chess.com INT"]
[Date "2023.04.25"]
[Round "8"]
[White "Zakarian, David"]
[Black "Romero Ruscalleda, Josep"]
[Result "1-0"]
[WhiteElo "2306"]
[BlackElo "2179"]
[PlyCount "69"]
[EventDate "2023.04.25"]
[EventType "swiss (blitz)"]
[EventRounds "11"]
[EventCountry "USA"]
[SourceTitle "EXT 2024"]
[Source "ChessBase"]
[SourceDate "2023.10.10"]
[SourceVersion "1"]
[SourceVersionDate "2023.10.10"]
[SourceQuality "1"]

1. d4 g6 2. h4 h5 3. c4 Bg7 4. Nc3 d6 5. e4 Nc6 6. Be3 e5 7. d5 Nce7 8. Bd3 Nf6 9. f3 Nd7 10. Nh3 Nc5 11. Nf2 Nxd3+ 12. Nxd3 0-0 13. Qd2 f5 14. Bh6 Bxh6 15. Qxh6 f4 16. c5 Rf7 17. 0-0-0 a6 18. Rd2 Bd7 19. Nxe5 dxe5 20. d6 cxd6 21. cxd6 Nc6 22. Qxg6+ Rg7 23. Qxh5 Qa5 24. a3 Be6 25. Nd5 Bxd5 26. Rxd5 Qa4 27. d7 Qc4+ 28. Kb1 Rd8 29. Rc1 Qe2 30. Rd6 Rxg2 31. Rg6+ Rxg6 32. Qxg6+ Kf8 33. Qf6+ Kg8 34. Rg1+ Kh7 35. Qg7# 1-0

[Event "BCF-chT2 2223 (4NCL)"]
[Site "England"]
[Date "2023.02.11"]
[Round "5.63"]
[White "Ratnesan, Ranesh"]
[Black "Zakarian, David"]
[Result "0-1"]
[WhiteElo "2341"]
[BlackElo "2306"]
[PlyCount "58"]
[EventDate "2022.10.22"]
[EventType "team-tourn"]
[EventRounds "11"]
[EventCountry "ENG"]
[SourceTitle "EXT 2024"]
[Source "ChessBase"]
[SourceDate "2023.10.10"]
[SourceVersion "1"]
[SourceVersionDate "2023.10.10"]
[SourceQuality "1"]
[WhiteTeam "KJCA Kings"]
[BlackTeam "Oxford"]
[WhiteTeamCountry "ENG"]
[BlackTeamCountry "ENG"]

1. d4 Nf6 2. c4 Nc6 3. Nc3 e5 4. d5 Ne7 5. e4 Ng6 6. h4 h5 7. Bg5 Bc5 8. Nge2 c6 9. Nc1 d6 10. Nb3 Bb6 11. Qd2 a5 12. Na4 Bc7 13. f3 cxd5 14. cxd5 Bd7 15. Nc3 a4 16. Nc1 Ba5 17. a3 Qc7 18. N1a2 Nh7 19. Be3 0-0 20. Nb4 f5 21. Nb5 Bxb5 22. Bxb5 fxe4 23. fxe4 Bb6 24. Be2 Nf6 25. Bf3 Rac8 26. Nd3 Ng4 27. Bxg4 hxg4 28. Bxb6 Qxb6 29. Nb4 Rc4 0-1

[Event "Titled Tuesday intern op 03rd Jan Late"]
[Site "Chess.com INT"]
[Date "2023.01.03"]
[Round "11"]
[White "Guerb, Leonid"]
[Black "Zakarian, David"]
[Result "0-1"]
[WhiteElo "2295"]
[BlackElo "2292"]
[PlyCount "66"]
[EventDate "2023.01.03"]
[EventType "swiss (blitz)"]
[EventRounds "11"]
[EventCountry "USA"]
[SourceTitle "EXT 2024"]
[Source "ChessBase"]
[SourceDate "2023.10.10"]
[SourceVersion "1"]
[SourceVersionDate "2023.10.10"]
[SourceQuality "1"]

1. Nf3 c5 2. c4 Nc6 3. g3 g6 4. Bg2 Bg7 5. 0-0 d6 6. Nc3 e5 7. d3 Nge7 8. Rb1 0-0 9. a3 a5 10. Nd5 Nxd5 11. cxd5 Ne7 12. Nd2 b5 13. a4 Bb7 14. e4 Ba6 15. axb5 Bxb5 16. Nc4 f5 17. b3 Nc8 18. exf5 gxf5 19. Qh5 Nb6 20. Bh3 Be8 21. Qf3 Bg6 22. Bd2 Nxc4 23. dxc4 a4 24. bxa4 Rxa4 25. Qb3 Qa8 26. Bc3 Ra3 27. Qb2 Qa6 28. Ra1 Rxa1 29. Rxa1 Qxc4 30. Bg2 f4 31. Rc1 fxg3 32. hxg3 Qg4 33. Qb6 Qd7 0-1

[Event "Titled Tuesday intern op 03rd Jan Late"]
[Site "Chess.com INT"]
[Date "2023.01.03"]
[Round "10"]
[White "Ticona Rocabado, Licael Roderick"]
[Black "Zakarian, David"]
[Result "1-0"]
[WhiteElo "2146"]
[BlackElo "2292"]
[PlyCount "91"]
[EventDate "2023.01.03"]
[EventType "swiss (blitz)"]
[EventRounds "11"]
[EventCountry "USA"]
[SourceTitle "EXT 2024"]
[Source "ChessBase"]
[SourceDate "2023.10.10"]
[SourceVersion "1"]
[SourceVersionDate "2023.10.10"]
[SourceQuality "1"]

1. Nf3 Nf6 2. c4 e6 3. d4 b6 4. Nc3 Bb4 5. e3 Bb7 6. Be2 0-0 7. Bd2 Re8 8. 0-0 Bf8 9. Qc2 d6 10. e4 e5 11. d5 Nbd7 12. b4 g6 13. a4 a5 14. bxa5 Rxa5 15. Nb5 Ra8 16. a5 Nc5 17. axb6 cxb6 18. Rxa8 Bxa8 19. Bg5 h6 20. Bxf6 Qxf6 21. Ra1 Rc8 22. Ra7 Bb7 23. Nd2 Ba6 24. Nc7 Bb7 25. Nb5 Ba6 26. Rc7 Qd8 27. Rxc8 Qxc8 28. Na7 Qa8 29. Nc6 Bb7 30. Nb4 Qa1+ 31. Nf1 Qd4 32. Nd2 h5 33. Nd3 Nxe4 34. Nxe4 Qxe4 35. Nb4 Qd4 36. h3 Qc5 37. Nd3 Qd4 38. Nb4 e4 39. Nc6 Qc5 40. Qxe4 Bg7 41. g4 hxg4 42. hxg4 Ba6 43. Ne7+ Kh7 44. Qh1+ Bh6 45. g5 Qd4 46. Qxh6# 1-0

[Event "Titled Tuesday intern op 27th Dec Late"]
[Site "Chess.com INT"]
[Date "2022.12.27"]
[Round "6"]
[White "Hernandez Bonilla, Amelia"]
[Black "Zakarian, David"]
[Result "0-1"]
[WhiteElo "2002"]
[BlackElo "2292"]
[PlyCount "68"]
[EventDate "2022.12.27"]
[EventType "swiss (blitz)"]
[EventRounds "11"]
[EventCountry "USA"]
[SourceTitle "EXT 2024"]
[Source "ChessBase"]
[SourceDate "2023.10.10"]
[SourceVersion "1"]
[SourceVersionDate "2023.10.10"]
[SourceQuality "1"]

1. d4 Nf6 2. Bf4 e6 3. e3 c5 4. Nf3 b6 5. Bd3 Bb7 6. Nbd2 d6 7. 0-0 Nbd7 8. Nc4 Qc7 9. a4 Nh5 10. Bg3 Nxg3 11. hxg3 Be7 12. c3 0-0 13. Qe2 Nf6 14. Ncd2 Rac8 15. e4 cxd4 16. cxd4 e5 17. dxe5 dxe5 18. Nc4 Bd6 19. Rad1 Rfd8 20. b3 a6 21. Nh4 Bc5 22. Nf5 Rxd3 23. Rxd3 Bxe4 24. Rf3 Bxf3 25. Qxf3 e4 26. Qe2 b5 27. axb5 axb5 28. Nd2 Qe5 29. Ne3 Bxe3 30. Qxe3 Rc3 31. Qb6 h6 32. Ra1 e3 33. Ra8+ Kh7 34. Nf3 Rc1+ 0-1

[Event "Titled Tuesday intern op 27th Dec Late"]
[Site "Chess.com INT"]
[Date "2022.12.27"]
[Round "4"]
[White "Krasteva, Beloslava"]
[Black "Zakarian, David"]
[Result "1-0"]
[WhiteElo "2350"]
[BlackElo "2292"]
[PlyCount "23"]
[EventDate "2022.12.27"]
[EventType "swiss (blitz)"]
[EventRounds "11"]
[EventCountry "USA"]
[SourceTitle "EXT 2024"]
[Source "ChessBase"]
[SourceDate "2023.10.10"]
[SourceVersion "1"]
[SourceVersionDate "2023.10.10"]
[SourceQuality "1"]

1. c4 Nf6 2. Nc3 e6 3. e4 d5 4. e5 d4 5. exf6 dxc3 6. bxc3 Qxf6 7. Bd3 c5 8. Nf3 Nc6 9. 0-0 Bd6 10. Bc2 0-0 11. d4 Rd8 12. Bg5 1-0

[Event "Titled Tuesday intern op 22nd Nov Late"]
[Site "Chess.com INT"]
[Date "2022.11.22"]
[Round "5"]
[White "Risteski, Emil"]
[Black "Zakarian, David"]
[Result "1-0"]
[WhiteElo "2371"]
[BlackElo "2292"]
[PlyCount "101"]
[EventDate "2022.11.22"]
[EventType "swiss (blitz)"]
[EventRounds "11"]
[EventCountry "USA"]
[SourceTitle "CBM 211 Extra"]
[Source "ChessBase"]
[SourceDate "2023.01.31"]
[SourceVersion "1"]
[SourceVersionDate "2023.01.31"]
[SourceQuality "1"]

1. Nf3 Nf6 2. g3 d5 3. Bg2 e6 4. 0-0 Be7 5. d3 0-0 6. Nbd2 a5 7. e4 c6 8. e5 Nfd7 9. d4 c5 10. c3 Nc6 11. Re1 b6 12. Bf1 Ba6 13. Bxa6 Rxa6 14. h4 b5 15. h5 b4 16. h6 g6 17. Nf1 a4 18. a3 bxc3 19. bxc3 cxd4 20. cxd4 Qb6 21. N1h2 Rb8 22. Ng4 Qb3 23. Qe2 Qc4 24. Qxc4 dxc4 25. Ne3 Na5 26. Bd2 Nb3 27. Ra2 Rc6 28. Bc3 Nb6 29. Nd2 Bf8 30. Ne4 Bxh6 31. f4 Bf8 32. Kf2 Rd8 33. Rh1 Be7 34. Ng4 h5 35. Ngf6+ Kg7 36. g4 Nd5 37. gxh5 Nxc3 38. Nxc3 Bxf6 39. exf6+ Kxf6 40. hxg6 Kxg6 41. Ke3 Rxd4 42. Rg2+ Kf6 43. Ne4+ Ke7 44. Rh7 Rc8 45. Rgg7 Rf8 46. Ng5 Rd3+ 47. Kf2 c3 48. Nxf7 Kf6 49. Ne5 Rd2+ 50. Ke3 Rfd8 51. Rf7# 1-0

[Event "Titled Tuesday intern op 22nd Nov Late"]
[Site "Chess.com INT"]
[Date "2022.11.22"]
[Round "6"]
[White "Zakarian, David"]
[Black "Simonovic, Miroslav"]
[Result "1-0"]
[WhiteElo "2292"]
[BlackElo "2115"]
[PlyCount "81"]
[EventDate "2022.11.22"]
[EventType "swiss (blitz)"]
[EventRounds "11"]
[EventCountry "USA"]
[SourceTitle "CBM 211 Extra"]
[Source "ChessBase"]
[SourceDate "2023.01.31"]
[SourceVersion "1"]
[SourceVersionDate "2023.01.31"]
[SourceQuality "1"]

1. e4 c5 2. b3 Nc6 3. Bb2 e5 4. Nc3 g6 5. f4 Bg7 6. fxe5 Nxe5 7. Nf3 d6 8. Bb5+ Bd7 9. Bxd7+ Qxd7 10. 0-0 Ne7 11. Kh1 0-0 12. d3 f5 13. Rb1 h6 14. exf5 gxf5 15. Nxe5 dxe5 16. Qh5 Kh7 17. Ne2 Qe6 18. Ng3 Qg6 19. Rbe1 f4 20. Qxg6+ Nxg6 21. Nh5 Bh8 22. g3 Rf5 23. g4 Rff8 24. Re4 Rae8 25. h3 Re6 26. Rfe1 Rfe8 27. Kg1 b6 28. Kf2 R6e7 29. a4 Kg8 30. a5 Kf7 31. axb6 axb6 32. Ra1 Rb8 33. Ra6 Rbb7 34. Rea4 Ke6 35. Ra8 Kd5 36. Nxf4+ Nxf4 37. Rxh8 Nxh3+ 38. Kg3 Nf4 39. Rxh6 Ne2+ 40. Kf2 Nd4 41. c4# 1-0

[Event "Titled Tuesday intern op 25th Oct Early"]
[Site "Chess.com INT"]
[Date "2022.10.25"]
[Round "6"]
[White "Mitrovic, Darko R"]
[Black "Zakarian, David"]
[Result "1/2-1/2"]
[WhiteElo "2223"]
[BlackElo "2301"]
[PlyCount "49"]
[EventDate "2022.10.25"]
[EventType "swiss (blitz)"]
[EventRounds "11"]
[EventCountry "USA"]
[SourceTitle "EXT 2024"]
[Source "ChessBase"]
[SourceDate "2023.10.10"]
[SourceVersion "1"]
[SourceVersionDate "2023.10.10"]
[SourceQuality "1"]

1. d4 Nf6 2. c4 e6 3. Nf3 b6 4. g3 Bb7 5. Bg2 Be7 6. 0-0 0-0 7. Nc3 Ne4 8. Nxe4 Bxe4 9. Ne1 Bxg2 10. Nxg2 d5 11. b3 c5 12. cxd5 Qxd5 13. dxc5 Qxd1 14. Rxd1 Bxc5 15. Be3 Na6 16. Rd7 Rfd8 17. Rad1 Rxd7 18. Rxd7 Bxe3 19. Nxe3 Nc5 20. Rc7 g6 21. Nc4 Na6 22. Rb7 Nc5 23. Rc7 Na6 24. Rb7 Nc5 25. Rc7 1/2-1/2

[Event "Titled Tuesday intern op 25th Oct Early"]
[Site "Chess.com INT"]
[Date "2022.10.25"]
[Round "10"]
[White "Zakarian, David"]
[Black "Rios Escobar, Adan"]
[Result "0-1"]
[WhiteElo "2301"]
[BlackElo "2276"]
[PlyCount "102"]
[EventDate "2022.10.25"]
[EventType "swiss (blitz)"]
[EventRounds "11"]
[EventCountry "USA"]
[SourceTitle "EXT 2024"]
[Source "ChessBase"]
[SourceDate "2023.10.10"]
[SourceVersion "1"]
[SourceVersionDate "2023.10.10"]
[SourceQuality "1"]

1. d4 Nf6 2. c4 g6 3. Nf3 Bg7 4. g3 c5 5. d5 b5 6. cxb5 a6 7. Bg2 d6 8. Nc3 0-0 9. 0-0 axb5 10. Nxb5 Ba6 11. Nc3 Nfd7 12. Bg5 Nb6 13. Re1 Nc4 14. Qc2 Qa5 15. Nd2 Nxb2 16. Qxb2 Bxc3 17. Qc2 Bxa1 18. Rxa1 f6 19. Bh6 Rf7 20. Bh3 f5 21. Nf3 Nd7 22. Ng5 Rf6 23. Ne4 Qb5 24. Nxf6+ Nxf6 25. e3 Qd3 26. Qxd3 Bxd3 27. Bg2 c4 28. Bg5 Kf7 29. Bxf6 Kxf6 30. f4 Ra5 31. Kf2 c3 32. a3 c2 33. Ke1 Rb5 34. Rc1 Rb3 35. Kd2 Rxa3 36. h3 h5 37. Bf3 Kf7 38. Be2 Be4 39. Bc4 h4 40. gxh4 Kg7 41. Rg1 Kh6 42. Bb5 Rb3 43. Bc4 Rb1 44. Rc1 Kh5 45. Be2+ Kxh4 46. Bf1 Kg3 47. Be2 Kxh3 48. Bf1+ Kg3 49. Be2 Kf2 50. Bc4 Rxc1 51. Kxc1 Kxe3 0-1